| 000 | 00790nam a2200229Ii 4500 | ||
|---|---|---|---|
| 003 | JO-AjNU | ||
| 008 | 230605s9999||||xx |||||||||||||| ||und|| | ||
| 017 | _a2001/8/1611 | ||
| 040 |
_aJO-AjNU _bara _erda _cJO-AjNU |
||
| 041 | _aara | ||
| 050 | 1 | 4 | _aBP166 2001 |
| 100 | 3 |
_aبن علي، غالب بن أحمد, _eauthor _99872 |
|
| 245 | 0 | 0 | _aالإيمان بالله وملائكته مع شرح مختصر لصحيح أسمائه الحسنى |
| 250 | _aط2 | ||
| 264 | 3 | 1 | _aعمان: المؤلف، 2001 |
| 300 | _a83ص | ||
| 336 |
_atext _btxt _2rdacontent |
||
| 337 |
_aunmediated _bn _2rdamedia |
||
| 338 |
_avolume _bnc _2rdacarrier |
||
| 490 | 0 | _aسلسلة العقيدة الإسلامية الميسرة1 | |
| 650 | 4 |
_aالاسلام- العبادات- العقيدة _99873 |
|
| 999 |
_aA1520 _c5088 _d5088 |
||